000 01085nam a2200217Ia 4500
003 Ost
005 20260507075636.0
008 260507s9999||||xx |||||||||||||| ||und||
020 _a8076803977
040 _cfsecg
041 _aara
082 _a630.2011
100 _aخليفة، علي يوسف
_eمؤلف
245 0 _aالإحصاء الإقتصادي الزراعي /
_c علي يوسف خليفة
260 _aالإسكندرية:
_bمنشأة المعارف,
_c2000
300 _a328 صفحة؛
_bإيضاحات ؛
_c24 سم
520 _aمقاييس التوسط والتشتت والإختلاف- النظرية الإحصائية- الإستدلال الإحصائي- تقدير معالم المجتمع- تقدير خواص المجتمع- اختبار الفروض- تحليل الإرتباط- الأرقام القياسية- تحليل السلاسل الزمنية -توزيع ت- توزيع مربع كاي- التحليل الإرتدادي
653 _aالإحصاء الإقتصادي
653 _aالإحصاء الزراعي
942 _cكتاب
999 _c45301
_d45301